Analýza rodinného podnikania na Slovensku
Podnikanie formou rodinného podniku zodpovedá špecifickej forme podnikania. Prepojením protichodných oblastí vznikajú špecifiká rodinného podnikania, ktoré sa premietajú do výhod ale aj nevýhod voči nerodinným podnikateľom.
Gespeichert in:
| 1. Verfasser: | |
|---|---|
| Weitere Verfasser: | |
| Format: | Buchkapitel |
| Sprache: | Slowakisch |
| Schlagworte: | |
| Tags: |
Keine Tags, Fügen Sie das erste Tag hinzu!
|
MARC
| LEADER | 00000nla a2200000 4500 | ||
|---|---|---|---|
| 001 | 0176391 | ||
| 005 | 20240502073016.2 | ||
| 041 | 0 | |a slo | |
| 044 | |a SK | ||
| 245 | 1 | 0 | |a Analýza rodinného podnikania na Slovensku |c Ivana Tücsöková, Monika Krošláková |
| 520 | |a Podnikanie formou rodinného podniku zodpovedá špecifickej forme podnikania. Prepojením protichodných oblastí vznikajú špecifiká rodinného podnikania, ktoré sa premietajú do výhod ale aj nevýhod voči nerodinným podnikateľom. | ||
| 610 | 2 | 0 | |a podnikatelia |
| 610 | 2 | 0 | |a podnikanie rodinné |
| 610 | 2 | 0 | |a podnik rodinný |
| 610 | 2 | 0 | |a založenie podniku |
| 610 | 2 | 0 | |a vzťahy medziľudské |
| 100 | 1 | |a Tücsöková, Ivana | |
| 700 | 1 | |a Krošláková, Monika, 1975- | |